Normal view
MARC view
Entry Personal Name
001 - CONTROL NUMBER
- control field: 26957
003 - CONTROL NUMBER IDENTIFIER
- control field: Doon University
005 - DATE AND TIME OF LATEST TRANSACTION
- control field: 20260530154919.0
008 - FIXED-LENGTH DATA ELEMENTS
- fixed length control field: 260530|| aca||aabn | a|a d
040 ## - CATALOGING SOURCE
- Original cataloging agency: Doon University
- Transcribing agency: Doon University
100 ## - HEADING--PERSONAL NAME
- Personal name: Trankle, Sebastian (ed)
670 ## - SOURCE DATA FOUND
- Source citation: Work cat.: (Doon University)60933: Eusterschulte, Anne (ed) 26956, Theodor W. Adorno Ästhetische Theorie, 2021